| 000 | 00394nam a22001577a 4500 | ||
|---|---|---|---|
| 003 | BD-DhUIB | ||
| 005 | 20251026144634.0 | ||
| 008 | 251026b |||||||| |||| 00| 0 eng d | ||
| 040 |
_aBD-DhUIB _cBD-DhUIB |
||
| 050 | _a658.4013 | ||
| 082 | _222 | ||
| 100 |
_aDavenport, T. H. _91051 |
||
| 245 |
_aAnalytics at work: _bsmarter decisions/ _cby T. H. Davenport. |
||
| 526 | _aBBA. | ||
| 942 |
_2ddc _cBK |
||
| 999 |
_c614 _d614 |
||